Vyhodnocovanie vedomostí študenta pri štúdiu prostredníctvom webového adaptívneho systému

Gespeichert in:
Bibliographische Detailangaben
1. Verfasser: SAMIEC, Michal (Verfasst von)
Weitere Verfasser: Bieliková, Mária, 1966- (Betreuung Doktorarbeit)
Format: Manuskript Buch
Sprache:Slowakisch
Veröffentlicht: Bratislava : STU v Bratislave FIIT, 2006
Schlagworte:
Tags: Tag hinzufügen
Keine Tags, Fügen Sie das erste Tag hinzu!

MARC

LEADER 00000ntm a22000003a 4500
001 stu142051
005 20190123145304.8
008 070601s2006----xo------------------slo-d
040 |a STU  |b slo 
041 0 |a slo 
044 |a xo 
100 1 |a SAMIEC, Michal  |4 aut 
245 1 |a Vyhodnocovanie vedomostí študenta pri štúdiu prostredníctvom webového adaptívneho systému 
260 |a Bratislava :  |b STU v Bratislave FIIT,  |c 2006 
300 |a 51 s  |c príl. 
650 7 |a informatika  |2 stusub 
700 1 |a Bieliková, Mária,  |d 1966-  |4 ths  |u I200  |U FIIT Fakulta informatiky a informačných technológií  |T FIIT Ústav informatiky a softvérového inžinierstva  |X 1871  |U I200  |Y 179  |7 A000001871 
996 |b IBAP38/06  |c I*BAP38/06  |l II680  |s A  |a 24  |w stu142051_0001